Hỏi đáp về luật phòng, chống tác hại thuốc lá

Nội dung sách giới thiệu chung về tác hại thuốc lá, quản lý nhà nước về phòng chống tác hại của thuốc lá, môi trường không khói thuốc, quy định về cảnh báo sức khoẻ. Xử lý vi phạm phòng chống tác hại của thuốc lá, cai nghiện, quỹ phòng...

Deskribapen osoa

Gorde:
Xehetasun bibliografikoak
Egile nagusia: Lương, Ngọc Khuê
Formatua: Liburua
Hizkuntza:Undetermined
Argitaratua: Hà Nội Y học 2013
Gaiak:
Etiketak: Etiketa erantsi
Etiketarik gabe, Izan zaitez lehena erregistro honi etiketa jartzen!
Thư viện lưu trữ: Trung tâm Học liệu Trường Đại học Cần Thơ
LEADER 01182nam a2200205Ia 4500
001 CTU_211281
008 210402s9999 xx 000 0 und d
082 |a 344.04466 
082 |b Kh507 
100 |a Lương, Ngọc Khuê 
245 0 |a Hỏi đáp về luật phòng, chống tác hại thuốc lá 
245 0 |c Lương Ngọc Khuê (chủ biên ) ; Phan Thị Hải (ban biên tập) ... [et al.] 
260 |a Hà Nội 
260 |b Y học 
260 |c 2013 
520 |a Nội dung sách giới thiệu chung về tác hại thuốc lá, quản lý nhà nước về phòng chống tác hại của thuốc lá, môi trường không khói thuốc, quy định về cảnh báo sức khoẻ. Xử lý vi phạm phòng chống tác hại của thuốc lá, cai nghiện, quỹ phòng chống tác hại của thuốc lá. 
650 |a Tobacco,Tobacco industry,Thuốc lá,Thuốc lá 
650 |x Law and legislation,Law and legislation,Luật và pháp luật,Luật và pháp luật 
904 |i Qhieu 
980 |a Trung tâm Học liệu Trường Đại học Cần Thơ